000 00596nam a2200253Ia 4500
005 20250425161931.0
008 250425s9999 xx 000 0 und d
020 _a842399077X
041 _aspa
043 _asp
082 _a330.03
100 _aANDERSEN, ARTHUR
245 0 _aDICCIONARIO DE ECONOMIA Y NEGOCIOS
250 _a1A ED.
260 _aEspaƱa
_bESPASA
_c1999
260 _aMADRID
300 _a768
500 _aINCLUYE CD RON-ROM
650 _aDICCIONARIO DE NEGOCIOS
650 _aDICCIONARIOS DE ECONOMIA
710 _aESPASA
942 _c01
010 _a35378
999 _c219116
_d219116